| 000 | 006780000a22001210004500 | ||
|---|---|---|---|
| 100 | 1 | _aJunca, Humberto | |
| 245 | 1 | 0 | _aEse otro que nos asusta : Arte colombo-mexicano |
| 300 | _aVol.0, núm.13 (Octubre, 2006), Página 46 | ||
| 500 | _aArtista y profesor de arte de las universidades Jorge Tadeo Lozano y de los Andes. | ||
| 520 | _aDentro del Programa Nacional de Estímulos a la Creación e investigación en las Artes de MinCultura, se está llevando a cabo desde 1998 un intercambio de residencias artísticas. Arcadia aprovecho la coincidencia en Bogotá de dos de las ganadoras de este año. Crónica. | ||
| 773 | 0 | _tArcadia / Andrés Felipe Solano, Editor | |
| 942 | _cANA | ||
| 999 |
_c61846 _d61846 |
||